|
|
|
|
| LEADER |
01053nam a2200325 4500 |
| 001 |
DLU090091888 |
| 005 |
##20091201 |
| 040 |
# |
# |
|a DLU
|b eng
|
| 041 |
# |
# |
|a eng
|
| 044 |
# |
# |
|a us
|
| 100 |
# |
# |
|a Gonzalez, Patrice.
|
| 245 |
# |
# |
|a Sequence and secondary structure of the mitochondrial small-subunit rRNA V4, V6, V9 domains reveal highly species-specific variations within the genus agrocybe /
|c Patrice Gonzalez, Jacques Labarere.
|
| 653 |
# |
# |
|a Fungi
|
| 653 |
# |
# |
|a Homology
|
| 653 |
# |
# |
|a Interspecific comparison
|
| 653 |
# |
# |
|a Mitochondrial DNA
|
| 653 |
# |
# |
|a Mushroom
|
| 653 |
# |
# |
|a Polymorphism
|
| 653 |
# |
# |
|a Ribosomal RNA
|
| 700 |
# |
# |
|a Labarere, Jacques.
|
| 773 |
# |
# |
|t Applied and Environmental Microbiology
|g Vol. 64, no. 11 (November 1998), p. 4149-4160
|
| 920 |
# |
# |
|a Phòng Tạp chí -- Trung tâm Thông tin - Thư viện Trường Đại học Đà Lạt
|
| 994 |
# |
# |
|a DLU
|
| 900 |
# |
# |
|a True
|
| 911 |
# |
# |
|a Trương Bảo Trâm Anh
|
| 925 |
# |
# |
|a G
|
| 926 |
# |
# |
|a A
|
| 927 |
# |
# |
|a BB
|
| 980 |
# |
# |
|a Thư viện Trường Đại học Đà Lạt
|